Bệnh stress

Kaydedildi:
Detaylı Bibliyografya
Yazar: Lan, Lin Yi
Materyal Türü: Kitap
Dil:Undetermined
Baskı/Yayın Bilgisi: Hà Nội Nhà xuất bản Hà Nội 2004
Konular:
Etiketler: Etiketle
Etiket eklenmemiş, İlk siz ekleyin!
Thư viện lưu trữ: Trung tâm Học liệu Trường Đại học Cần Thơ
LEADER 00534nam a2200193Ia 4500
001 CTU_93658
008 210402s9999 xx 000 0 und d
020 |c 9000 
082 |a 616.98 
082 |b L243 
100 |a Lan, Lin Yi 
245 0 |a Bệnh stress 
245 0 |c Lin Yi Lan, Zheng Zhen Bei; Phan Hà Sơn dịch 
260 |a Hà Nội 
260 |b Nhà xuất bản Hà Nội 
260 |c 2004 
650 |a Stress,Anxiousness 
904 |i Trúc 
980 |a Trung tâm Học liệu Trường Đại học Cần Thơ